Óscar y los gatos lunares / (Record no. 178731)

MARC details
000 -CABECERA
campo de control de longitud fija 00732nam a2200217 u 4500
005 - FECHA Y HORA DE LA ÚLTIMA TRANSACCIÓN
campo de control 20240418063732.0
008 - ELEMENTOS DE LONGITUD FIJA--INFORMACIÓN GENERAL
campo de control de longitud fija 151109s2010 r 000 0 eng d
020 ## - NÚMERO INTERNACIONAL NORMALIZADO PARA LIBROS
Número Internacional Estándar del Libro 9788492595686
035 ## - NÚMERO DE CONTROL DEL SISTEMA
Número de control de sistema UPN01000206630
049 ## - COLECCIÓN
Colección I
050 #4 - SIGNATURA TOPOGRÁFICA DE LA BIBLIOTECA DEL CONGRESO
Número de clasificación PZ7
Número de documento/Ítem R9.6
100 1# - ASIENTO PRINCIPAL--NOMBRE PERSONAL
Nombre de persona Rymond, Lynda Gene
9 (RLIN) 38173
245 10 - MENCIÓN DE TÍTULO
Título Óscar y los gatos lunares /
Mención de responsabilidad, etc. Lynda Gene Rymond ; il. de Nocoletta Ceccoli ; tr. de Alvar Zaid.
260 ## - PUBLICACIÓN, DISTRIBUCIÓN, ETC.
Lugar de publicación, distribución, etc. Barcelona, Esp. :
Nombre del editor, distribuidor, etc. Thule,
Fecha de publicación, distribución, etc. 2010.
300 ## - DESCRIPCIÓN FÍSICA
Extensión [36] p. :
Otras características físicas il.
534 ## - NOTA SOBRE LA VERSIÓN ORIGINAL
Frase introductoria Título original :
Mención de título del original Oscar and the Mooncats
650 #4 - ASIENTO SECUNDARIO DE MATERIA - TERMINO TEMATICO
Término de materia o nombre geográfico como elemento de entrada GATOS -
Subdivisión de forma LITERATURA INFANTIL
9 (RLIN) 10191
650 #0 - ASIENTO SECUNDARIO DE MATERIA - TERMINO TEMATICO
Término de materia o nombre geográfico como elemento de entrada Aventuras y aventureros
Subdivisión de forma Literatura juvenil
9 (RLIN) 11236
650 #4 - ASIENTO SECUNDARIO DE MATERIA - TERMINO TEMATICO
Término de materia o nombre geográfico como elemento de entrada Libros y lectura para niños
9 (RLIN) 2290
905 ## - TIPO DE MATERIAL
Tipo de material Infantil
Holdings
Estado de retiro Estado de pérdida Fuente del sistema de clasificación o colocación Estado dañado No para préstamo Código de colección Localización permanente Ubicación/localización actual Ubicación en estantería Fecha de adquisición Total de préstamos Clasificación Código de barras Fecha visto por última vez Número de copia Tipo de ítem Koha
    Library of Congress Classification     Infantil Bib. Gregorio Torres Quintero Bib. Gregorio Torres Quintero Sala infantil Planta baja 10/05/2023 11 PZ7 R9.6 307425 31/12/2020 1 Libro